000
00198nam a2200085Ia 4500
008
120527s9999 xx 000 0 und d
100
_a
Learning Express
245
_a
Home Health Aide Exam
942
_c
BK
999
_c
27700
_d
27700